000 00404pab a2200169 454500
008 180718b1998 xxu||||| |||| 00| 0 eng d
100 _aPatodia, D.N.
245 _aEconomic growth and the budget
260 _c1998
300 _ap.28-29
362 _aAug
650 _aEconomic and social development
650 _aBudget - India
650 _aBudget
773 _aPolitics India
909 _a38149
999 _c38149
_d38149